02071nam a2200529 i 450000100060000000300080000600500170001400600190003100700150005000800410006502000180010602000270012403500230015103500240017403500250019803500210022304000310024405000220027508000070029708200160030410000290032024501060034926401380045530000410059333600310063433700330066533800430069849000200074150000230076150400290078458801260081365000270093965000300096665000370099665000420103365000370107565000410111265100480115365100480120165100480124965100480129765100430134565100430138865500270143183000210145885600620147924073FlNmELB20241216214134.0m o d | cr cnu||||||||150806s2008 mx ob 001 0 spa d z9789708190657 a9781512905588 (e-book) a(MiAaPQ)EBC3429664 a(Au-PeEL)EBL3429664 a(CaPaEBR)ebr11073032 a(OCoLC)949139911 aFINmELBbspaerdacFINmELB 4aJL1281bE787 2008 a320 a320.9722231 aEsquivel Solís, Edgar.10aSociedad civil y poder político en México :bun análisis (1980-2005) /cEdgar Esquivel Solís. 1aMéxico D.F. :bTecnológico de Monterrey, Campus Estado de México ;aMéxico, D.F. :bEditorial Miguel Ángel Porrúa,c2008. a1 recurso en línea (146 páginas) atextobtxt2rdacontent/spa acomputadorabc2rdamedia/spa arecurso en líneabcr2rdacarrier/spa1 aHumanidades TEC aContiene índice. aContiene bibliografía. aDescripción basada en recurso en línea; Título de la página del título en PDF (e-libro, visto August 06, 2015). 0aCivil societyzMexico. 4aSociedad civilzMéxico. 0aPolitical participationzMexico. 4aParticipación políticazMéxico. 0aPower (Social sciences)zMexico. 4aPoder (Ciencias sociales)zMéxico. 0aMexicoxPolitics and governmenty1970-1988. 4aMéxicoxPolítica y gobiernoy1970-1988. 0aMexicoxPolitics and governmenty1988-2000. 4aMéxicoxPolítica y gobiernoy1988-2000. 0aMexicoxPolitics and governmenty2000- 4aMéxicoxPolítica y gobiernoy2000- 4aLibros electrónicos. 0aHumanidades TEC.40uhttps://elibro.net/ereader/politecnicointernacional/76065